|
|
|
|
| LEADER |
01535nam a2200361 4500 |
| 001 |
DLU120145010 |
| 005 |
##20121221 |
| 040 |
# |
# |
|a DLU
|b vie
|
| 041 |
# |
# |
|a vie
|
| 044 |
# |
# |
|a vn
|
| 082 |
# |
# |
|a 657.48
|b Gia
|
| 245 |
# |
# |
|a Giáo trình kế toán hành chính sự nghiệp /
|c Võ Văn Nhị chủ biên, ... [et al.].
|
| 260 |
# |
# |
|a Cà Mau :
|b Phương Đông,
|c 2012.
|
| 300 |
# |
# |
|a 434 tr. ;
|c 24 cm.
|
| 504 |
# |
# |
|a Tài liệu tham khảo: tr.425.
|
| 505 |
# |
# |
|a Chương 1. Một số vấn đề chung về tổ chức công tác kế toán trong đơn vị hành chính sự nghiệp -- Chương 2. Kế toán tiền và vật tư -- Chương 3. Kế toán tài sản cố định và xây dựng cơ bản -- Chương 4. Kế toán các khoản đầu tư tài chính -- Chương 5. Kế toán tài khoản thanh toán -- Chương 6. Kế toán các nguồn kinh phí, các loại nguồn vốn và các quỹ -- Chương 7. Kế toán các khoản thu, các khoản chi -- Chương 8. Báo cáo tài chính trong đơn vị hành chính sự nghiệp.
|
| 650 |
# |
# |
|a Kế toán.
|
| 700 |
# |
# |
|a Lê Tuấn,
|c ThS.
|
| 700 |
# |
# |
|a Phạm Quang Huy,
|c ThS.
|
| 700 |
# |
# |
|a Phan Thị Thuý Quỳnh.
|
| 700 |
# |
# |
|a Vũ Quang Nguyên.
|
| 700 |
# |
# |
|a Võ Văn Nhị,
|c PGS.TS.
|e chủ biên.
|
| 923 |
# |
# |
|a 08/2012
|
| 991 |
# |
# |
|a GT
|
| 992 |
# |
# |
|a 100000
|
| 994 |
# |
# |
|a DLU
|
| 900 |
# |
# |
|a True
|
| 911 |
# |
# |
|a Đào Thị Thu Huyền
|
| 925 |
# |
# |
|a G
|
| 926 |
# |
# |
|a A
|
| 927 |
# |
# |
|a SH
|
| 980 |
# |
# |
|a Thư viện Trường Đại học Đà Lạt
|